000 00251 a2200109 4500
001 63379
082 _a891.4391 SAR
090 _c37430
_d37430
100 _aSarwat Sultana Sarwat
245 _aPaanch Saat Paanch Haico
_hUrdu
260 _aPakistan
942 _aCAE NUST
_k891.4391 SAR
999 _c298452
_d298452